Responses for Show #3044 - Thursday, November 20, 1997

1997 Power Players Week game 4.
From DAR Constitution Hall in Washington, D.C.

Contestants

[<< previous game]

Oliver Stone, a screenwriter and director from A Child's Night Dream

Arianna Huffington, a columnist and author from Greetings from the Lincoln Bedroom

Wolf Blitzer, a reporter from CNN

[next game >>]

Jeopardy! Round responses

LOBBIES
WASHINGTON'S SPORTS TEAMS
MANIMALS
(Alex: These clues all have to do with people who have the same name as an animal; a perfect example, of course, is Wolf Blitzer; Blitzer, as we all know, is one of Santa Claus' reindeer!)
SHRED THIS!
THAT NEWFANGLED ROCK 'N' ROLL
AS THE OLD ADAGE SAYS...
    $100 10
Radio City Music Hall

Wolf
    $100 1
Washington Redskins

Oliver
    $100 6
Buffalo Bill Cody

Oliver
    $100 7
(Oliver: What are Wheaties?)

Shredded wheat

AriannaOliver
    $100 9
Sex Pistols

Triple Stumper
    $100 8
Shoe

Wolf
    $200 11
Richmond

Wolf
    $200 2
Washington Wizards

Wolf
    $200 13
Tiger Woods

Oliver
    $200 20
Cabbage

Wolf
    $200 18
(Oliver: What is the Manson Family?)
...
(Oliver: I was half right!)

Marilyn Manson

Oliver
Triple Stumper
    $200 22
(Alex: With help from Arianna on that one!)
[The end-of-round signal sounds.]

hurt you

Wolf
    $300 12
(Wolf: What is the Oasis?)

Mirage

WolfOliver
    $300 3
Washington Capitals

Wolf
    $300 15
Bear Bryant

Oliver
    $300 21
(Oliver: What is guacamole?)

Cheese

AriannaOliver
    $500 19
(Oliver: [No response])
...
(Alex: We have less than a minute to go.)

Aerosmith

Oliver
    $400 14
Ducks

Wolf
    $400 4
Soccer

Wolf
    $400 16
Cat Stevens

Triple Stumper
    $500 5
Washington Senators

Wolf
    $500 17
Robin Williams

Oliver

Scores at the first commercial break (after clue 12):

Wolf Arianna Oliver
$1,500 $100 $400

Scores at the end of the Jeopardy! Round:

Wolf Arianna Oliver
$2,300 $400 $400

Double Jeopardy! Round responses

LOBBYISTS
(Alex: We have a science category called...)
AROUND THE LAB WITH LEX
ACTORS IN POLITICAL FILMS
ODE TO ENGLAND
PRESIDENTIAL NICKNAMES
IT USED TO MEAN
    $200 1
[Arianna selected the first clue.]
(Oliver: Who is Thompson?)

Bill Bradley

Oliver
Triple Stumper
    $200 18
(Alex: The audience is cheering your every move!)

Bunsen burner

Oliver
    $200 7
Clint Eastwood

Wolf
    $200 19
(Arianna: What is 8... What is 7?)
(Alex: Try again!)
(Arianna: What is 6?)
(Alex: Yes... persistence pays off!)

6

Arianna
    $200 8
Calvin Coolidge

Wolf
    $200 3
Unfaithful

Triple Stumper
    $400 2
(Wolf: What is the American Federation of Teachers?)

NEA (National Education Association)

Wolf
Triple Stumper
    $400 11
Walter Matthau

Oliver
    $400 20
Margaret Thatcher

Wolf
    $400 9
(Oliver: Who is Clinton?)

Jimmy Carter

Oliver
Triple Stumper
    $400 4
Injury

Arianna
    $600 12
The Manchurian Candidate

Oliver
    $600 21
Australia

Oliver
    $600 10
Ohio

Oliver
    $600 5
Lair

Triple Stumper
    $800 13
"Deep Throat"

Arianna
    $800 22
[The end-of-round signal sounds.]

Winston Churchill

Wolf
    $800 16
Andrew Jackson

Triple Stumper
    $800 6
Bush

Oliver
    $1000 15
Peter Lawford

Wolf
    $1000 17
(Alex: Minute to go.)

James Buchanan

Triple Stumper
    $1000 14
Fond

Oliver

Scores at the end of the Double Jeopardy! Round:

Wolf Arianna Oliver
$4,500 $1,800 $4,000

[wagering suggestions for these scores]

Final Jeopardy! Round responses

ART
AriannaWhat i
$1,500
OliverWhat is The Last Supper
$1,500
WolfWho David
$400
"The Last Supper"

Final scores:

Wolf Arianna Oliver
$4,100 $300 $5,500
2nd place: $10,000 for the American Cancer Society 3rd place: $10,000 for the Center for Effective Compassion Winner: $15,000 for Rock the Boat

Game dynamics:

Coryat scores:

Wolf Arianna Oliver
$4,500 $1,800 $4,500
15 R,
2 W
5 R,
0 W
13 R,
6 W
(including 1 DD)

Combined Coryat: $10,800

[game clues] [game scores] [suggest correction]

Game tape date: 1997-11-01
The J! Archive is created by fans, for fans. Scraping, republication, monetization, and malicious use prohibited; this site may use cookies and collect identifying information. See terms. The Jeopardy! game show and all elements thereof, including but not limited to copyright and trademark thereto, are the property of Jeopardy Productions, Inc. and are protected under law. This website is not affiliated with, sponsored by, or operated by Jeopardy Productions, Inc. Join the discussion at JBoard.tv.